000 00425nam a22001577a 4500
003 NUST - PNEC
005 20170116181033.0
008 150919b xxu||||| |||| 00| 0 eng d
040 _cLIBRARY
082 _a621.8076 LEU
100 _911213
_a Leutwiler, Richard W
245 _aProblems in dynamics of machinery
_cRichard W Leutwiler
260 _cc 1956
650 _98135
_aElectric machinery
_xME , EE
942 _2ddc
_cBK
999 _c67816
_d67816